LDR 00863naa#a2200193#i#450# 001 RU\\bibl\123040 005 20260513184007.3 011 ## _a0042-4846 100 ## _a20260326b2026####ek#y0rusy0150####ca 102 ## _aRU 200 1# _aТерапевтическая эффективность препарата Номицеф LC при разных формах мастита у лактирующих коров _eЖурнальная статья 210 1# _aМосква _cАНО Редакция журнала Ветеринария _d2026 215 ## _a5 с. 608 ## _aЖурнальная статья _2local 686 ## _aВетеринария. 68.41 _2grnti 700 #1 _aЗубарев _gВладимир Николаевич 700 #1 _aПанков _gИван Юрьевич 700 #1 _aЕгунова _gАлла Владимировна 856 4# _aveterinaria.su _u